[Event "RUS-chT (Women)"]
[Site "Sochi"]
[Date "2018.05.05"]
[Round "5.4"]
[White "Khatmullina, Dilara"]
[Black "Markelova, Lubov"]
[Result "0-1"]
[WhiteElo "1860"]
[BlackElo "2127"]
[PlyCount "110"]
[EventDate "2018.05.01"]
[EventType "team-tourn"]
[EventRounds "9"]
[EventCountry "RUS"]
[SourceTitle "CBM 184 Extra"]
[Source "ChessBase"]
[SourceDate "2018.06.28"]
[SourceVersion "1"]
[SourceVersionDate "2018.06.28"]
[SourceQuality "1"]
[WhiteTeam "Tolpar (Bashkortostan) (W)"]
[BlackTeam "Tatarstan Ladya (W)"]
[WhiteTeamCountry "RUS"]
[BlackTeamCountry "RUS"]

1. Nf3 d5 2. g3 Nf6 3. Bg2 c6 4. 0-0 Bf5 5. d3 h6 6. Nbd2 e6 7. Qe1 Be7 8. e4 Bh7 9. e5 Nfd7 10. Qe2 0-0 11. Re1 c5 12. Nf1 Nc6 13. h4 b5 14. Bf4 c4 15. d4 Qb6 16. Red1 Be4 17. Qd2 Rfc8 18. N3h2 Bh7 19. Ng4 Bf8 20. Nfe3 Ne7 21. h5 c3 22. bxc3 Qa5 23. Rdb1 a6 24. a4 bxa4 25. Rb4 a3 26. Rb3 Nf5 27. Bf1 Nxe3 28. Qxe3 Bxc2 29. Rb7 Rc7 30. Rxc7 Qxc7 31. c4 dxc4 32. d5 Qb6 33. Qxb6 Nxb6 34. d6 Bb3 35. Rxa3 a5 36. Bg2 Ra6 37. Bb7 Ra7 38. Bc6 Nd5 39. Ra1 a4 40. Be3 Ra6 41. Bc5 Rxc6 42. d7 Rxc5 43. d8Q c3 44. Rc1 c2 45. Kh2 Nb4 46. Ne3 Na2 47. Qd2 Nxc1 48. Qxc1 Rc3 49. Nxc2 Rxc2 50. Qb1 Rxf2+ 51. Kh3 Bd5 52. g4 Rf3+ 53. Kh2 a3 54. g5 a2 55. Qg1 Rf5 0-1

[Event "Tuimazy RB-ch Girls 98/99"]
[Site "Tuimazy"]
[Date "2015.08.18"]
[Round "4"]
[White "Ibragimova, Diana"]
[Black "Khatmullina, Dilara"]
[Result "0-1"]
[WhiteElo "1595"]
[BlackElo "1937"]
[PlyCount "58"]
[EventDate "2015.08.18"]
[EventType "tourn"]
[EventRounds "8"]
[EventCountry "RUS"]
[SourceTitle "EXT 2022"]
[Source "ChessBase"]
[SourceDate "2021.10.06"]
[SourceVersion "1"]
[SourceVersionDate "2021.10.06"]
[SourceQuality "1"]

1. e4 e5 2. Nf3 Nf6 3. Nc3 d6 4. h3 Be7 5. Bc4 0-0 6. d3 c6 7. 0-0 a5 8. a3 Qc7 9. Re1 Nbd7 10. Be3 b6 11. a4 Bb7 12. Bb3 Nc5 13. Ba2 Rad8 14. Qe2 h6 15. Rad1 Rfe8 16. Nd2 d5 17. d4 exd4 18. Bxd4 dxe4 19. Bxc5 Bxc5 20. Ndxe4 Nxe4 21. Nxe4 Bf8 22. Rxd8 Rxd8 23. Nc3 Bc8 24. Bc4 Bf5 25. Rd1 Rd6 26. Rxd6 Qxd6 27. Bd3 Bxd3 28. Qxd3 Qf4 29. b3 f5 0-1

[Event "Tuimazy RB-ch Girls 98/99"]
[Site "Tuimazy"]
[Date "2015.08.18"]
[Round "10"]
[White "Khatmullina, Dilara"]
[Black "Ibragimova, Diana"]
[Result "1-0"]
[WhiteElo "1937"]
[BlackElo "1595"]
[PlyCount "55"]
[EventDate "2015.08.18"]
[EventType "tourn"]
[EventRounds "8"]
[EventCountry "RUS"]
[SourceTitle "EXT 2022"]
[Source "ChessBase"]
[SourceDate "2021.10.06"]
[SourceVersion "1"]
[SourceVersionDate "2021.10.06"]
[SourceQuality "1"]

1. d4 d5 2. c4 e6 3. Nf3 Nf6 4. Bg5 Nbd7 5. Nc3 Be7 6. e3 b6 7. cxd5 Nxd5 8. Bxe7 Qxe7 9. Nxd5 exd5 10. Rc1 Qb4+ 11. Qd2 Qxd2+ 12. Kxd2 c5 13. Bb5 c4 14. Bc6 Rb8 15. Bxd5 b5 16. Bc6 0-0 17. Rhe1 f5 18. Bxd7 Bxd7 19. Ne5 Be6 20. f3 Rbd8 21. Kc3 a5 22. a3 b4+ 23. axb4 axb4+ 24. Kxb4 Rb8+ 25. Kc3 Rb3+ 26. Kc2 c3 27. bxc3 Rc8 28. c4 1-0

[Event "Garde-ch"]
[Site "Ufa"]
[Date "2015.04.16"]
[Round "13.2"]
[White "Khatmullina, Dilara"]
[Black "Penzin, Vladimir"]
[Result "0-1"]
[WhiteElo "1756"]
[BlackElo "2071"]
[PlyCount "132"]
[EventDate "2015.04.14"]
[EventType "tourn"]
[EventRounds "14"]
[EventCountry "RUS"]
[SourceTitle "EXT 2022"]
[Source "ChessBase"]
[SourceDate "2021.10.06"]
[SourceVersion "1"]
[SourceVersionDate "2021.10.06"]
[SourceQuality "1"]

1. e4 c5 2. Nf3 d6 3. d4 cxd4 4. Nxd4 Nf6 5. Nc3 e6 6. Be3 a6 7. f3 Be7 8. Qd2 b5 9. a4 b4 10. Na2 a5 11. Bb5+ Bd7 12. 0-0 0-0 13. c3 Bxb5 14. Nxb5 Nc6 15. cxb4 d5 16. Qf2 dxe4 17. Bb6 Qb8 18. Nc7 exf3 19. gxf3 Nd5 20. Nxa8 axb4 21. a5 Qxa8 22. Nc1 Ne5 23. Bd4 Nd7 24. Nd3 Qa6 25. Nc5 Bxc5 26. Bxc5 Rc8 27. Rfc1 h6 28. Qd4 Qb5 29. Bb6 N7xb6 30. axb6 Rb8 31. Ra7 Qe2 32. Qf2 Qb5 33. b7 Rxb7 34. Rc8+ Kh7 35. Raa8 Ne7 36. Rh8+ Kg6 37. Qg3+ Qg5 38. Rhb8 Rxb8 39. Rxb8 Nd5 40. Rb7 Qxg3+ 41. hxg3 f5 42. Kf2 Kf6 43. Ke2 h5 44. f4 h4 45. Kf3 hxg3 46. Kxg3 g5 47. fxg5+ Kxg5 48. Rg7+ Kf6 49. Rd7 Ke5 50. Rd8 Kd4 51. Rc8 e5 52. Kf3 e4+ 53. Ke2 Nf4+ 54. Kd1 Nd3 55. Rf8 f4 56. Kd2 f3 57. Re8 f2 58. Ke2 e3 59. Rd8+ Ke4 60. Re8+ Ne5 61. Rd8 Nf3 62. Re8+ Kd4 63. Rd8+ Kc4 64. b3+ Kc3 65. Rd3+ Kc2 66. Rxe3 Nh2 0-1

[Event "Garde-ch"]
[Site "Ufa"]
[Date "2015.04.15"]
[Round "11.1"]
[White "Khatmullina, Dilara"]
[Black "Poluektov, Danil"]
[Result "1-0"]
[WhiteElo "1756"]
[BlackElo "1390"]
[PlyCount "76"]
[EventDate "2015.04.14"]
[EventType "tourn"]
[EventRounds "14"]
[EventCountry "RUS"]
[SourceTitle "EXT 2022"]
[Source "ChessBase"]
[SourceDate "2021.10.06"]
[SourceVersion "1"]
[SourceVersionDate "2021.10.06"]
[SourceQuality "1"]

1. Nf3 d5 2. g3 Nc6 3. d4 Bf5 4. Bg2 Nf6 5. c4 e6 6. Qa4 Qd7 7. 0-0 Be4 8. Nc3 Bxf3 9. exf3 dxc4 10. Be3 Nb4 11. Qxd7+ Nxd7 12. Nb5 Na6 13. Bf4 c6 14. Nd6+ Bxd6 15. Bxd6 c5 16. f4 Rd8 17. Bxb7 Ndb8 18. dxc5 Rd7 19. Bxa6 Nxa6 20. Rac1 Nb4 21. Rxc4 Nd5 22. Re1 Ne7 23. Bxe7 Rxe7 24. c6 Rc7 25. Rd1 0-0 26. Rd7 Rfc8 27. b4 Kf8 28. Rxc7 Rxc7 29. b5 Ke7 30. a4 Kd8 31. Rd4+ Kc8 32. Kg2 a6 33. Kf3 axb5 34. axb5 Kb8 35. Ke4 Ka7 36. Rd7 Kb6 37. Ke5 Rxd7 38. cxd7 Kc7 1-0

[Event "Garde-ch"]
[Site "Ufa"]
[Date "2015.04.14"]
[Round "9.2"]
[White "Abzalov, Lev"]
[Black "Khatmullina, Dilara"]
[Result "1-0"]
[WhiteElo "1867"]
[BlackElo "1756"]
[PlyCount "101"]
[EventDate "2015.04.14"]
[EventType "tourn"]
[EventRounds "14"]
[EventCountry "RUS"]
[SourceTitle "EXT 2022"]
[Source "ChessBase"]
[SourceDate "2021.10.06"]
[SourceVersion "1"]
[SourceVersionDate "2021.10.06"]
[SourceQuality "1"]

1. e4 e5 2. Nf3 Nc6 3. Bc4 Be7 4. 0-0 Nf6 5. Re1 d6 6. h3 Nb8 7. d4 exd4 8. Nxd4 0-0 9. Nc3 Nbd7 10. Nf5 Ne5 11. Nxe7+ Qxe7 12. Bb3 Bd7 13. Bg5 Bc6 14. Nd5 Bxd5 15. exd5 Qd8 16. Qd4 h6 17. f4 Ng6 18. Bxf6 Qxf6 19. Qxf6 gxf6 20. g3 Rfe8 21. Kf2 Kg7 22. c3 c6 23. Rad1 Red8 24. Rd2 Rac8 25. Bc2 Rc7 26. h4 Kf8 27. dxc6 bxc6 28. Bxg6 fxg6 29. Re6 Kf7 30. Rexd6 Rxd6 31. Rxd6 Rb7 32. b3 c5 33. c4 Rc7 34. g4 Kg7 35. Rd5 Kf7 36. Ke2 Re7+ 37. Kd3 Re1 38. Rxc5 Rg1 39. g5 hxg5 40. hxg5 f5 41. Rc7+ Kf8 42. Rxa7 Re1 43. a4 Re4 44. a5 Rxf4 45. a6 Rf3+ 46. Kc2 Rf2+ 47. Kc3 Ra2 48. Ra8+ Kf7 49. a7 f4 50. Rh8 Rxa7 51. Rh7+ 1-0

[Event "Garde-ch"]
[Site "Ufa"]
[Date "2015.04.11"]
[Round "4.1"]
[White "Poluektov, Danil"]
[Black "Khatmullina, Dilara"]
[Result "0-1"]
[WhiteElo "1390"]
[BlackElo "1756"]
[PlyCount "56"]
[EventDate "2015.04.14"]
[EventType "tourn"]
[EventRounds "14"]
[EventCountry "RUS"]
[SourceTitle "EXT 2022"]
[Source "ChessBase"]
[SourceDate "2021.10.06"]
[SourceVersion "1"]
[SourceVersionDate "2021.10.06"]
[SourceQuality "1"]

1. e4 e5 2. Nf3 Nc6 3. Nc3 Bb4 4. Bc4 Nf6 5. d3 d6 6. 0-0 Bg4 7. h3 Be6 8. Bb3 Qd7 9. Ng5 0-0-0 10. Nxe6 fxe6 11. Bg5 Rdf8 12. Ne2 h6 13. Be3 g5 14. c3 Ba5 15. Ng3 d5 16. Ba4 Bb6 17. Bd2 g4 18. h4 Qe7 19. Ne2 dxe4 20. Nc1 g3 21. Be3 Bxe3 22. fxe3 Nd5 23. Bxc6 Qxh4 24. Rf3 Qh2+ 25. Kf1 Qh1+ 26. Ke2 Qxg2+ 27. Ke1 exf3 28. Bxd5 Qf2# 0-1

[Event "Garde-ch"]
[Site "Ufa"]
[Date "2015.04.10"]
[Round "1.3"]
[White "Urmanov, Ilgiz"]
[Black "Khatmullina, Dilara"]
[Result "0-1"]
[WhiteElo "1905"]
[BlackElo "1756"]
[PlyCount "32"]
[EventDate "2015.04.14"]
[EventType "tourn"]
[EventRounds "14"]
[EventCountry "RUS"]
[SourceTitle "EXT 2022"]
[Source "ChessBase"]
[SourceDate "2021.10.06"]
[SourceVersion "1"]
[SourceVersionDate "2021.10.06"]
[SourceQuality "1"]

1. d4 d5 2. Nf3 Nf6 3. e3 e6 4. c4 c6 5. Nc3 Nbd7 6. Bd3 dxc4 7. Bxc4 b5 8. Bd3 Bb7 9. a3 b4 10. axb4 Bxb4 11. 0-0 c5 12. Nb5 Qb6 13. Ne5 0-0 14. Nxd7 Nxd7 15. Bd2 Bxd2 16. Qxd2 c4 0-1

[Event "Kalininsky Region-ch"]
[Site "Ufa"]
[Date "2014.10.31"]
[Round "5"]
[White "Khatmullina, Dilara"]
[Black "Penzin, Vladimir"]
[Result "0-1"]
[WhiteElo "1762"]
[BlackElo "2056"]
[PlyCount "45"]
[EventDate "2014.10.05"]
[EventType "tourn"]
[EventRounds "10"]
[EventCountry "RUS"]
[SourceTitle "EXT 2023"]
[Source "ChessBase"]
[SourceDate "2022.10.05"]
[SourceVersion "1"]
[SourceVersionDate "2022.10.05"]
[SourceQuality "1"]

1. e4 c5 2. Nf3 d6 3. d4 cxd4 4. Nxd4 Nf6 5. Nc3 g6 6. f3 Bg7 7. Be3 0-0 8. Qd2 Nc6 9. g4 d5 10. g5 Nh5 11. exd5 Nb4 12. Bc4 Bd7 13. 0-0-0 a5 14. a4 Qc7 15. Bb3 Rfc8 16. f4 Qb8 17. Rhf1 Ra6 18. f5 Bxd4 19. Bxd4 gxf5 20. Qe2 Ng7 21. Qxe7 Qd6 22. Rde1 Re8 23. Qxe8+ 0-1

[Event "Kalininsky Region-ch"]
[Site "Ufa"]
[Date "2014.10.19"]
[Round "3"]
[White "Afanasiev, Dmitry2222"]
[Black "Khatmullina, Dilara"]
[Result "1-0"]
[WhiteElo "1760"]
[BlackElo "1762"]
[PlyCount "72"]
[EventDate "2014.10.05"]
[EventType "tourn"]
[EventRounds "10"]
[EventCountry "RUS"]
[SourceTitle "EXT 2023"]
[Source "ChessBase"]
[SourceDate "2022.10.05"]
[SourceVersion "1"]
[SourceVersionDate "2022.10.05"]
[SourceQuality "1"]

1. e4 e5 2. Nf3 Nc6 3. d4 exd4 4. Nxd4 Bc5 5. Nxc6 Qf6 6. Qf3 bxc6 7. Nc3 d6 8. Bc4 Qxf3 9. gxf3 Ne7 10. Be3 Bxe3 11. fxe3 0-0 12. h4 Rd8 13. 0-0-0 Bb7 14. h5 d5 15. Bb3 Rd6 16. exd5 cxd5 17. e4 c6 18. exd5 Nxd5 19. Nxd5 cxd5 20. Rhe1 Kf8 21. Re5 Re8 22. Rf5 g6 23. hxg6 hxg6 24. Rf4 Re3 25. c4 d4 26. c5 Rd7 27. Rdxd4 Rxd4 28. Rxd4 Bxf3 29. Rf4 f5 30. Kd2 Re2+ 31. Kd3 Bh5 32. c6 Re7 33. Kd4 Ke8 34. Kc5 Be2 35. Kd6 Bb5 36. Rh4 Rg7 1-0

[Event "Kalininsky Region-ch"]
[Site "Ufa"]
[Date "2014.10.19"]
[Round "3"]
[White "Khatmullina, Dilara"]
[Black "Afanasiev, Dmitry2222"]
[Result "0-1"]
[WhiteElo "1762"]
[BlackElo "1760"]
[PlyCount "52"]
[EventDate "2014.10.05"]
[EventType "tourn"]
[EventRounds "10"]
[EventCountry "RUS"]
[SourceTitle "EXT 2023"]
[Source "ChessBase"]
[SourceDate "2022.10.05"]
[SourceVersion "1"]
[SourceVersionDate "2022.10.05"]
[SourceQuality "1"]

1. Nf3 Nf6 2. d3 d5 3. Nbd2 Bf5 4. g3 e6 5. Bg2 Be7 6. 0-0 0-0 7. c3 c6 8. Re1 h6 9. h4 a5 10. a4 Bc5 11. Nb3 Bb6 12. Nbd4 Bh7 13. Ne5 Nbd7 14. Bf4 Nxe5 15. Bxe5 Ng4 16. Bf4 e5 17. e3 exf4 18. Qxg4 fxg3 19. fxg3 Bxd3 20. Kh2 Bc7 21. e4 Bxe4 22. Bxe4 dxe4 23. Rxe4 Qf6 24. Rae1 Qf2+ 25. Kh3 f5 26. Nxf5 Qxf5 0-1

[Event "Kalininsky Region-ch"]
[Site "Ufa"]
[Date "2014.10.12"]
[Round "2"]
[White "Sukhoplyev, Pavel"]
[Black "Khatmullina, Dilara"]
[Result "1-0"]
[WhiteElo "1963"]
[BlackElo "1762"]
[PlyCount "35"]
[EventDate "2014.10.05"]
[EventType "tourn"]
[EventRounds "10"]
[EventCountry "RUS"]
[SourceTitle "EXT 2023"]
[Source "ChessBase"]
[SourceDate "2022.10.05"]
[SourceVersion "1"]
[SourceVersionDate "2022.10.05"]
[SourceQuality "1"]

1. Nf3 d5 2. b3 Nf6 3. Bb2 g6 4. c4 dxc4 5. bxc4 c5 6. g3 Bg7 7. Bg2 Nc6 8. d3 0-0 9. Nc3 Bd7 10. Rb1 Rb8 11. h3 Qc8 12. e4 Ne8 13. Qe2 e5 14. Nd5 f6 15. Bc1 Nc7 16. Be3 Ne6 17. Qd2 Ncd4 18. Ne7+ 1-0

[Event "Ufa Winter Cup City"]
[Site "Ufa"]
[Date "2013.12.23"]
[Round "9.4"]
[White "Avkhadiev, Airat"]
[Black "Khatmullina, Dilara"]
[Result "1-0"]
[WhiteElo "1874"]
[BlackElo "1646"]
[PlyCount "75"]
[EventDate "2013.12.14"]
[EventType "tourn"]
[EventRounds "9"]
[EventCountry "RUS"]
[SourceTitle "EXT 2022"]
[Source "ChessBase"]
[SourceDate "2021.10.06"]
[SourceVersion "1"]
[SourceVersionDate "2021.10.06"]
[SourceQuality "1"]

1. d4 d5 2. c4 e6 3. Nf3 Nf6 4. Nc3 c6 5. cxd5 exd5 6. Qc2 Bd6 7. Bg5 0-0 8. e3 Nbd7 9. Bd3 Qc7 10. 0-0 Re8 11. Rac1 Qb8 12. Rfe1 Nf8 13. Bxf6 gxf6 14. h3 Ng6 15. Bf5 Kh8 16. Qb1 Rg8 17. Kh1 Ne7 18. Bxh7 Rg7 19. Bd3 Be6 20. e4 Qc8 21. Bf1 Bxh3 22. gxh3 Rh7 23. e5 fxe5 24. dxe5 Rxh3+ 25. Bxh3 Qxh3+ 26. Nh2 Rg8 27. Rg1 Bxe5 28. Rxg8+ Nxg8 29. f4 Bxf4 30. Rc2 Nh6 31. Qf1 Qh4 32. Rg2 Kh7 33. Ne2 Be3 34. Ng3 Qh3 35. Qd3+ f5 36. Qxe3 Ng4 37. Qe7+ Kg8 38. Nxf5 1-0

[Event "Ufa Winter Cup City"]
[Site "Ufa"]
[Date "2013.12.16"]
[Round "3.1"]
[White "Khatmullina, Dilara"]
[Black "Sarvaretdinova, Nursel"]
[Result "1-0"]
[WhiteElo "1646"]
[BlackElo "1626"]
[PlyCount "65"]
[EventDate "2013.12.14"]
[EventType "tourn"]
[EventRounds "9"]
[EventCountry "RUS"]
[SourceTitle "EXT 2022"]
[Source "ChessBase"]
[SourceDate "2021.10.06"]
[SourceVersion "1"]
[SourceVersionDate "2021.10.06"]
[SourceQuality "1"]

1. e4 c6 2. Nf3 d5 3. Nc3 dxe4 4. Nxe4 Bf5 5. Ng3 Bg6 6. h4 h5 7. Ne5 Nf6 8. Nxg6 fxg6 9. d4 e5 10. Bd3 Kf7 11. Bc4+ Ke8 12. Qd3 Qxd4 13. Qxg6+ Kd8 14. Qd3 Qxd3 15. Bxd3 Nbd7 16. Bg5 Kc7 17. 0-0 Nc5 18. Bg6 Ne6 19. Rfe1 Nxg5 20. hxg5 h4 21. Nf5 Nd7 22. Re4 h3 23. g3 Rd8 24. Rae1 Kb8 25. Kh2 Bc5 26. R1e2 Nf8 27. Bf7 g6 28. Nh4 Bd6 29. Kxh3 Rd7 30. Bb3 Rh5 31. Kg4 Re7 32. f4 Bc7 33. Nxg6 1-0

[Event "Ufa Winter Cup City"]
[Site "Ufa"]
[Date "2013.12.14"]
[Round "1.2"]
[White "Khatmullina, Dilara"]
[Black "Vildanov, Ruslan"]
[Result "0-1"]
[WhiteElo "1646"]
[BlackElo "1963"]
[PlyCount "44"]
[EventDate "2013.12.14"]
[EventType "tourn"]
[EventRounds "9"]
[EventCountry "RUS"]
[SourceTitle "EXT 2022"]
[Source "ChessBase"]
[SourceDate "2021.10.06"]
[SourceVersion "1"]
[SourceVersionDate "2021.10.06"]
[SourceQuality "1"]

1. e4 e5 2. Nf3 Nc6 3. Bb5 a6 4. Ba4 Nf6 5. 0-0 Be7 6. Re1 b5 7. Bb3 0-0 8. a4 b4 9. a5 d6 10. d4 Bg4 11. d5 Nd4 12. Nbd2 Ne8 13. Ra4 f5 14. Rxb4 Bg5 15. h3 Bxd2 16. Qxd2 Bxf3 17. Rxd4 exd4 18. gxf3 Qh4 19. Kh2 Rf6 20. Qxd4 f4 21. Ba4 Rd8 22. Bxe8 Rh6 0-1

[Event "Ufa Garde-ch"]
[Site "Ufa"]
[Date "2013.03.25"]
[Round "5"]
[White "Abzalov, Lev"]
[Black "Khatmullina, Dilara"]
[Result "1-0"]
[WhiteElo "1897"]
[BlackElo "1659"]
[PlyCount "53"]
[EventDate "2013.03.21"]
[EventType "tourn"]
[EventRounds "11"]
[EventCountry "RUS"]
[SourceTitle "EXT 2014"]
[Source "ChessBase"]
[SourceDate "2013.11.20"]
[SourceVersion "1"]
[SourceVersionDate "2013.11.20"]
[SourceQuality "1"]

1. d4 d5 2. c4 e6 3. Nc3 Nf6 4. Bg5 c6 5. e3 Nbd7 6. Nf3 Bd6 7. Bd3 0-0 8. 0-0 dxc4 9. Bxc4 e5 10. Bxf6 Qxf6 11. Ne4 Qe7 12. Nxd6 Qxd6 13. dxe5 Qxd1 14. Rfxd1 Nb6 15. Bb3 Bg4 16. Rd4 Bxf3 17. gxf3 Rfe8 18. f4 g6 19. Rad1 c5 20. Rd6 c4 21. Bc2 Rac8 22. Be4 Na4 23. Bxb7 Nxb2 24. Bxc8 Nxd1 25. Bd7 Rb8 26. Rxd1 Rb2 27. Rc1 1-0

[Event "Ufa Garde-ch"]
[Site "Ufa"]
[Date "2013.03.21"]
[Round "1"]
[White "Khomenko, Aleksey"]
[Black "Khatmullina, Dilara"]
[Result "0-1"]
[WhiteElo "1647"]
[BlackElo "1659"]
[PlyCount "160"]
[EventDate "2013.03.21"]
[EventType "tourn"]
[EventRounds "11"]
[EventCountry "RUS"]
[SourceTitle "EXT 2014"]
[Source "ChessBase"]
[SourceDate "2013.11.20"]
[SourceVersion "1"]
[SourceVersionDate "2013.11.20"]
[SourceQuality "1"]

1. e4 e5 2. Nf3 Nc6 3. Bb5 a6 4. Ba4 Nf6 5. d3 b5 6. Bb3 d6 7. c3 Be7 8. Nbd2 0-0 9. Nf1 Na5 10. Bc2 c5 11. Ng3 Re8 12. 0-0 Bf8 13. d4 Qc7 14. dxe5 dxe5 15. Bg5 Nd7 16. Nh4 h6 17. Be3 g6 18. Qd2 Nc4 19. Qc1 Nxe3 20. Qxe3 c4 21. Qd2 Nc5 22. b4 Rd8 23. Qe3 Nd3 24. Rfd1 Nf4 25. Nf3 Bb7 26. Ne2 a5 27. a3 axb4 28. axb4 Rxd1+ 29. Rxd1 Ra3 30. Nxf4 exf4 31. Qd2 Bg7 32. Nd4 Qb6 33. Bb1 g5 34. Qb2 Bxd4 35. Rxd4 Qa6 36. Rd8+ Kg7 37. e5 Qc6 38. f3 Qb6+ 39. Rd4 Ra8 40. Qc2 Rd8 41. Qf2 Re8 42. Rd1 Qe6 43. Qe2 Qxe5 44. Qxe5+ Rxe5 45. Kf2 Re3 46. Rc1 Bc8 47. Be4 f5 48. Bc6 Re5 49. h3 g4 50. hxg4 fxg4 51. fxg4 Bxg4 52. Bf3 Bf5 53. Bc6 Bg4 54. Re1 Rg5 55. Bf3 Bc8 56. Bc6 h5 57. Re4 Rg3 58. Rxf4 Rxc3 59. Bxb5 Be6 60. Be8 Rb3 61. b5 c3 62. Rf3 c2 63. b6 Rxf3+ 64. gxf3 c1Q 65. b7 Qb2+ 66. Kg3 Qxb7 67. Bxh5 Bf7 68. Bg4 Qc6 69. Kg2 Qg6 70. Kf2 Be6 71. Kg3 Bxg4 72. fxg4 Kf6 73. Kh2 Kg5 74. Kg2 Qd3 75. Kh2 Kxg4 76. Kg2 Qf3+ 77. Kh2 Kh4 78. Kg1 Qe2 79. Kh1 Kg3 80. Kg1 Qg2# 0-1

[Event "Ufa SFGU Cup tt"]
[Site "Ufa"]
[Date "2012.12.09"]
[Round "7"]
[White "Khatmullina, Dilara"]
[Black "Vildanov, Ruslan"]
[Result "0-1"]
[WhiteElo "1651"]
[BlackElo "1888"]
[PlyCount "44"]
[EventDate "2012.12.03"]
[EventType "team-swiss"]
[EventRounds "7"]
[EventCountry "RUS"]
[SourceTitle "CBM 152 Extra"]
[Source "ChessBase"]
[SourceDate "2013.02.25"]
[SourceVersion "1"]
[SourceVersionDate "2013.02.25"]
[SourceQuality "1"]

1. e4 e5 2. Nf3 Nc6 3. Bb5 a6 4. Ba4 Nf6 5. 0-0 Be7 6. Re1 b5 7. Bb3 0-0 8. c3 d5 9. exd5 Nxd5 10. Nxe5 Nxe5 11. Rxe5 c6 12. Qf3 Bd6 13. Re1 Qh4 14. g3 Qh3 15. Na3 Bg4 16. Qg2 Qh5 17. d4 Bf3 18. Qf1 Rae8 19. Bd2 Bf4 20. Bxd5 Bxd5 21. Re3 Re6 22. Qd1 Qxh2+ 0-1

[Event "Ufa SFGU Cup tt"]
[Site "Ufa"]
[Date "2012.12.08"]
[Round "6"]
[White "Kondaratsev, Denis"]
[Black "Khatmullina, Dilara"]
[Result "1-0"]
[WhiteElo "2055"]
[BlackElo "1651"]
[PlyCount "49"]
[EventDate "2012.12.03"]
[EventType "team-swiss"]
[EventRounds "7"]
[EventCountry "RUS"]
[SourceTitle "CBM 152 Extra"]
[Source "ChessBase"]
[SourceDate "2013.02.25"]
[SourceVersion "1"]
[SourceVersionDate "2013.02.25"]
[SourceQuality "1"]

1. e4 e5 2. Nc3 Nf6 3. f4 d5 4. fxe5 Nxe4 5. Nf3 Bc5 6. d4 Bb4 7. Bd2 Bg4 8. Bd3 Bxf3 9. Qxf3 Qh4+ 10. g3 Nxd2 11. Kxd2 Qxd4 12. a3 Bxc3+ 13. bxc3 Qc5 14. Rhf1 0-0 15. e6 Qe7 16. exf7+ Rxf7 17. Bxh7+ Kf8 18. Qxd5 Nc6 19. Rxf7+ Qxf7 20. Qc5+ Ke8 21. Re1+ Kd7 22. Bf5+ Kd8 23. Kc1 Qf6 24. Qd5+ Qd6 25. Qg8+ 1-0

[Event "Ufa-ch (Women)"]
[Site "Ufa"]
[Date "2012.11.21"]
[Round "3.1"]
[White "Khatmullina, Dilara"]
[Black "Mikhailova, Elizaveta"]
[Result "0-1"]
[WhiteElo "1669"]
[BlackElo "1629"]
[PlyCount "50"]
[EventDate "2012.11.19"]
[EventType "tourn"]
[EventRounds "9"]
[EventCountry "RUS"]
[SourceTitle "EXT 2022"]
[Source "ChessBase"]
[SourceDate "2021.10.06"]
[SourceVersion "1"]
[SourceVersionDate "2021.10.06"]
[SourceQuality "1"]

1. e4 g6 2. d4 Bg7 3. c4 d6 4. Nc3 Nf6 5. f3 Nbd7 6. Be3 0-0 7. Qd2 e5 8. Nge2 Ne8 9. Bh6 Qh4+ 10. g3 Qxh6 11. Qxh6 Bxh6 12. h4 f5 13. h5 g5 14. f4 exf4 15. gxf4 gxf4 16. exf5 Rxf5 17. Nd5 Rf7 18. Kf2 c6 19. Ndc3 Ndf6 20. Bg2 Ng4+ 21. Kf3 Ne3 22. Rag1 Bg4+ 23. Kf2 f3 24. Bxf3 Rxf3+ 25. Ke1 Nf6 0-1

[Event "Ufa-ch (Women)"]
[Site "Ufa"]
[Date "2012.11.19"]
[Round "1.2"]
[White "Khatmullina, Dilara"]
[Black "Kuzmicheva, Sofja"]
[Result "1-0"]
[WhiteElo "1669"]
[BlackElo "1661"]
[PlyCount "69"]
[EventDate "2012.11.19"]
[EventType "tourn"]
[EventRounds "9"]
[EventCountry "RUS"]
[SourceTitle "EXT 2022"]
[Source "ChessBase"]
[SourceDate "2021.10.06"]
[SourceVersion "1"]
[SourceVersionDate "2021.10.06"]
[SourceQuality "1"]

1. e4 e6 2. d4 d5 3. Nd2 c5 4. Ngf3 Nc6 5. exd5 exd5 6. Be2 Nf6 7. 0-0 Bd6 8. dxc5 Bxc5 9. Nb3 Bb6 10. c3 0-0 11. Bg5 Be6 12. Nfd4 Bc7 13. Bf3 Ne5 14. Re1 Re8 15. Nxe6 fxe6 16. Bh5 Nf7 17. Bxf7+ Kxf7 18. Bxf6 Qxf6 19. Re3 Kg8 20. Qg4 e5 21. Qd7 Qc6 22. Qxc6 bxc6 23. Rae1 Rab8 24. R1e2 Rb5 25. Nd4 Rb6 26. Nf3 e4 27. Nd4 c5 28. Nb3 Bd6 29. g3 Reb8 30. Rd2 c4 31. Nc1 Bc5 32. Ree2 Rd8 33. Rxe4 Bxf2+ 34. Kxf2 Rf8+ 35. Rf4 1-0

[Event "Ufa Young Cup"]
[Site "Ufa"]
[Date "2012.10.13"]
[Round "9.9"]
[White "Khatmullina, Dilara"]
[Black "Gantsev, Karim"]
[Result "1-0"]
[WhiteElo "1646"]
[BlackElo "1674"]
[PlyCount "71"]
[EventDate "2012.10.09"]
[EventType "swiss"]
[EventRounds "9"]
[EventCountry "RUS"]
[SourceTitle "EXT 2022"]
[Source "ChessBase"]
[SourceDate "2021.10.06"]
[SourceVersion "1"]
[SourceVersionDate "2021.10.06"]
[SourceQuality "1"]

1. e4 c5 2. Nf3 d6 3. d4 cxd4 4. Nxd4 Nf6 5. Nc3 g6 6. f3 Bg7 7. Be3 0-0 8. Qd2 Nc6 9. 0-0-0 Bd7 10. h4 h5 11. Be2 Rc8 12. Rdg1 Ne5 13. Bh6 Nc4 14. Bxc4 Rxc4 15. Bxg7 Kxg7 16. Nd5 Nxd5 17. exd5 Qb6 18. c3 Rfc8 19. Kd1 Qa5 20. g4 Rh8 21. Qe2 Qxd5 22. Qxe7 Ba4+ 23. Kd2 Rxd4+ 24. cxd4 Qxd4+ 25. Kc1 Rc8+ 26. Kb1 Rc2 27. Qxb7 a6 28. Rc1 Rd2 29. a3 Bb5 30. Rc3 Bc4 31. Rhc1 Bd3+ 32. Ka1 Bb5 33. gxh5 Qf2 34. hxg6 Rxb2 35. Qxf7+ Kh6 36. Qh7# 1-0